000 00537nam a2200217Ia 4500
999 _c144
_d144
020 _a0-03-080262-8
082 _a303.4 ZAL-;
100 _aZaltman, Gerald
245 0 _aCreating social change
260 _aNew York
_bHolt, Rinehart and Winston
_c1972
300 _axviii, 676p.
650 _aSocial change
650 _aSocial planning
650 _aSocial psychology
650 _aSociology
650 _aSocial organization
650 _aSocial structure
700 _aKaufman, Ira
700 _aKotler, Philp
942 _cBK